| 000 | 00651nam a22001937a 4500 | ||
|---|---|---|---|
| 999 |
_c165714 _d165714 |
||
| 005 | 20230714142529.0 | ||
| 010 | _aUR-10261 | ||
| 020 |
_c200.00 _a9789388356923 |
||
| 035 | _aU-8816 | ||
| 037 | _bDBAD/PUB | ||
| 082 | _a841 | ||
| 100 | _aصا د قہ نو ا ب سحر | ||
| 245 |
_aست ر نگی / _cصا د قہ نو ا ب سحر |
||
| 246 |
_bSatrangi (Urdu) / _aby Sadique Nawab Saher |
||
| 260 |
_aDelhi _bEducational Publishing House _c2018 ء |
||
| 270 |
_a3191،Vakil Street,Kucha Pandit,Lal Kuan, _bDelhi _e110006 _k23216162 _l00911123211540 |
||
| 300 |
_a192 ص _c22cm(Hb) |
||
| 942 |
_2ddc _cUR _h841 _mس ح ر |
||